Producción bovina para leche /
Guardado en:
| Autor Principal: | |
|---|---|
| Formato: | Libro |
| Publicado: |
Buenos Aires :
El Ateneo,
1977
|
| Series: | Biblioteca de Producción Animal
|
| Materias: | |
| Etiquetas: |
Agregar Etiqueta
Sin Etiquetas, Sea el primero en etiquetar este registro!
|
| LEADER | 01393nam a22002415a 4500 | ||
|---|---|---|---|
| 001 | CEM.cems015827 | ||
| 008 | 130507s1977##################000#0#####d | ||
| 005 | 20210823200544.0 | ||
| 003 | CEMS | ||
| 245 | 1 | 0 | |a Producción bovina para leche / |c M. E. Ensminger |
| 260 | |a Buenos Aires : |b El Ateneo, |c 1977 | ||
| 300 | |a 567 p. | ||
| 490 | 0 | |a Biblioteca de Producción Animal | |
| 505 | 0 | |a Industria lechera -- Razas de bovinos lecheros -- Razas de doble propósito -- Establecimiento del rebaño. Selección y juzgamiento -- Reproducción de los bovinos lecheros -- Esterilidad y falas en la preñes en el ganado bovino para leche -- Pasturas -- Heno -- Silaje -- Alimentación y manejo de los bovinos lecheros -- Producción y manejo de la leche -- Vacas secas; vaquillonas de reposición; bovinos lecheros para carne -- Sanidad de los bovinos para leche, prevención de enfermedades y control parasitario -- Construcciones y equipos para bovinos lecheros. Camas. Estiércol -- Comercialización de la leche y los productos lácteos -- Aspectos comerciales de la producción lechera | |
| 100 | 1 | |a Ensminger, M. E. | |
| 082 | 0 | 4 | |a 636.21 |
| 653 | |a Bovinos | ||
| 653 | |a Bovinos para leche | ||
| 653 | |a Bovinos-razas lecheras | ||
| 653 | |a Bovinos-razas de doble propósito | ||
| 653 | |a Bovinos-esterilidad | ||
| 653 | |a Vacas secas | ||
| 859 | |a CEMS |b BIB. CEMS - Agricultura |h 636.21 |i En78 |p A7197.79 |t Ej.1 | ||
